| 000 | 00540nam a2200145 a 4500 | ||
|---|---|---|---|
| 008 | 120416s1967 ||||||||||||||||| || u | ||
| 050 | _aTK 6565.S9 Kir | ||
| 100 | _aKireyev, M | ||
| 245 | 1 | 0 | _aSwitchgear Installation |
| 246 | _aa manual for installers of electrical switchgear and power lines | ||
| 260 |
_aMoscow _bMir Publishers _c1967 |
||
| 300 | _a382p. : ill | ||
| 350 | _a0.00 | ||
| 995 |
_D0.00 _FCBU-MAIN LIBRARY (Kitwe) _H1 _I3.00 _UWEEDED _ZMain Library Open Access Collection |
||
| 999 |
_c59280 _d59280 |
||